00853nam a2200217Ii 45000010005000000030009000050080041000140400033000550410008000880820023000961100068001192450056001872640082002433000012003253360026003373370028003633380027003919400050004189990017004689520150004858907CO-ViMGA241108s9999||||xx |||||||||||||| ||und|| aCO-ViMGAbspaerdacCO-ViMGA0 aunk04a338.9009861-C718pa1 aColombia. Presidente [1994-1998 : Ernesto Samper Pizano]95281410aPacto social de productividad :bprecios y salarios 1a[Lugar de publicación no identificado] : Presidente de la República, 1995 avolumen atextbtxt2rdacontent aunmediatedbn2rdamedia avolumebnc2rdacarrier aidficha_siabuc: 8708. -- ficha_no_siabuc:8907 c56591d56591 001040708001aMEVIGERRbMEVIGERRcGENd2006-11-27hVol.1o338.9009861-C718papECA9315r2024-11-26 10:52:29tEj.1w2024-11-26yBKz8708 | 12177